<?xml version="1.0" encoding="UTF-8"?>
<record
    xmlns:xsi="http://www.w3.org/2001/XMLSchema-instance"
    xsi:schemaLocation="http://www.loc.gov/MARC21/slim http://www.loc.gov/standards/marcxml/schema/MARC21slim.xsd"
    xmlns="http://www.loc.gov/MARC21/slim">

  <leader>04208nam a2200433Ia 4500</leader>
  <controlfield tag="001">dia_4642</controlfield>
  <controlfield tag="003">CHAP</controlfield>
  <controlfield tag="005">20240816183225.0</controlfield>
  <controlfield tag="007">ta</controlfield>
  <controlfield tag="008">220601s2015    mx do  frm    001 0 spa d</controlfield>
  <datafield tag="040" ind1=" " ind2=" ">
    <subfield code="a">mxchpua</subfield>
    <subfield code="c">CHAP</subfield>
    <subfield code="e">rda</subfield>
  </datafield>
  <datafield tag="041" ind1="0" ind2=" ">
    <subfield code="a">spa</subfield>
    <subfield code="b">eng</subfield>
  </datafield>
  <datafield tag="090" ind1=" " ind2=" ">
    <subfield code="a">Tesis </subfield>
    <subfield code="b">G37 </subfield>
    <subfield code="c">2015</subfield>
  </datafield>
  <datafield tag="100" ind1="1" ind2=" ">
    <subfield code="a">Garc&#xED;a Garc&#xED;a, Vianey</subfield>
  </datafield>
  <datafield tag="245" ind1="1" ind2="0">
    <subfield code="a">Estudio del &#xFA;ltimo eslab&#xF3;n de la cadena de fr&#xED;o para hortalizas de supermercados en Texcoco, M&#xE9;xico / </subfield>
    <subfield code="c">Vianey Garc&#xED;a Garc&#xED;a y Rosalba Hern&#xE1;ndez Aguilar</subfield>
  </datafield>
  <datafield tag="264" ind1=" " ind2=" ">
    <subfield code="a">Chapingo, M&#xE9;xico :</subfield>
    <subfield code="b">El autor,</subfield>
    <subfield code="c">2015</subfield>
  </datafield>
  <datafield tag="300" ind1=" " ind2=" ">
    <subfield code="a">xi, 93 hojas :</subfield>
    <subfield code="b">gr&#xE1;ficas, tablas, fotos +</subfield>
    <subfield code="e">1 CD-ROM</subfield>
  </datafield>
  <datafield tag="336" ind1=" " ind2=" ">
    <subfield code="2">rdacontent</subfield>
    <subfield code="a">texto</subfield>
    <subfield code="b">txt</subfield>
  </datafield>
  <datafield tag="337" ind1=" " ind2=" ">
    <subfield code="2">rdamedia</subfield>
    <subfield code="a">no mediado</subfield>
    <subfield code="b">n</subfield>
  </datafield>
  <datafield tag="338" ind1=" " ind2=" ">
    <subfield code="2">rdacarrier</subfield>
    <subfield code="a">volumen</subfield>
    <subfield code="b">nc</subfield>
  </datafield>
  <datafield tag="500" ind1=" " ind2=" ">
    <subfield code="a">El CD contiene presentaci&#xF3;n y reporte</subfield>
  </datafield>
  <datafield tag="502" ind1=" " ind2=" ">
    <subfield code="a">Tesis </subfield>
    <subfield code="b">(Ingeniero Agroindustrial) -- </subfield>
    <subfield code="c">UACh. Departamento de Ingenier&#xED;a Agroindustrial, </subfield>
    <subfield code="d">2015</subfield>
  </datafield>
  <datafield tag="504" ind1=" " ind2=" ">
    <subfield code="a">Bibliograf&#xED;a: hojas 86-89</subfield>
  </datafield>
  <datafield tag="520" ind1="3" ind2=" ">
    <subfield code="a">En el presente estudio se realiz&#xF3; un an&#xE1;lisis del manejo de seis hortalizas frescas dentro de los supermercados del &#xE1;rea de Texcoco, M&#xE9;xico, espec&#xED;ficamente en el punto de exhibici&#xF3;n, tambi&#xE9;n se evalu&#xF3; la influencia de la temperatura en la calidad de estas hortalizas. Se registraron datos de la temperatura de las hortalizas, humedad relativa de la c&#xE1;mara de refrigeraci&#xF3;n, el tipo de empaque, y las caracter&#xED;sticas de calidad visual de cada producto, durante cuatro meses. Se aplicaron encuestas a los consumidores para conocer aspectos relacionados con preferencia, manejo de productos hort&#xED;colas en los hogares y perspectivas de la calidad en los supermercados analizados. Los datos obtenidos se analizaron estad&#xED;sticamente con ayuda del paquete computacional de SAS utilizando ji-cuadrada.Los datos obtenidos proporcionaron una perspectiva general del manejo de la cadena de fr&#xED;o para hortalizas en los supermercados de la zona estudiada. Se determin&#xF3; que los supermercados analizados, no cumplen con los est&#xE1;ndares de temperatura y humedad relativa establecidas para el manejo adecuado de hortalizas, por lo que la calidad del producto se ve afectada, ocasionando atributos negativos como la degradaci&#xF3;n en la textura, decoloraci&#xF3;n, deshidrataci&#xF3;n, oscurecimiento de tejidos, maduraci&#xF3;n heterog&#xE9;nea, susceptibilidad al desarrollo de pat&#xF3;genos, magulladuras, entre otros --</subfield>
  </datafield>
  <datafield tag="520" ind1="3" ind2=" ">
    <subfield code="a">This study analyzed the sale point control of six types of fresh vegetables in supermarkets in the Texcoco, Mexico area. At the same time, we evaluated the influence of temperature and quality of these types of vegetables. For four months we collected temperature registers, relative humidity in the refrigeration chamber, type of packaging and visual characteristics of each product. Different surveys were carried out to know consumer preference, storage of vegetables within the household and quality practices in the supermarkets that were part of the sample. The results were statistically analyzed by using the SAS software and apply the square Ji.These results helped us get an overview of the handling of vegetables in the cold chain in the supermarkets of this area. It was show that these supermarkets do not comply with the standards of relative temperature and humidity needed to adequately handle the storage of vegetables. As a result, the products are affected causing negative attributes such as texture degradation, discoloration, dehydration, darkening of tissues, heterogeneous ripeness, disease susceptibility, bruising, among others.</subfield>
  </datafield>
  <datafield tag="650" ind1="1" ind2="3">
    <subfield code="a">Verduras</subfield>
    <subfield code="x">Fr&#xED;o  </subfield>
    <subfield code="2">atg</subfield>
  </datafield>
  <datafield tag="650" ind1="1" ind2="3">
    <subfield code="a">Supermercados</subfield>
    <subfield code="x">Almacenamiento en fr&#xED;o  </subfield>
    <subfield code="2">atg</subfield>
  </datafield>
  <datafield tag="650" ind1="1" ind2="3">
    <subfield code="a">Vegetables</subfield>
    <subfield code="x">Cold  </subfield>
    <subfield code="2">atg</subfield>
  </datafield>
  <datafield tag="650" ind1="1" ind2="3">
    <subfield code="a">Supermarkets</subfield>
    <subfield code="x">Cold storage</subfield>
    <subfield code="2">atg</subfield>
  </datafield>
  <datafield tag="700" ind1="1" ind2=" ">
    <subfield code="a">Hern&#xE1;ndez Aguilar, Rosalba</subfield>
    <subfield code="e">autora</subfield>
  </datafield>
  <datafield tag="700" ind1="1" ind2=" ">
    <subfield code="a">Maldonado Sim&#xE1;n, Ema de Jes&#xFA;s</subfield>
    <subfield code="e">directora</subfield>
  </datafield>
  <datafield tag="700" ind1="1" ind2=" ">
    <subfield code="a">Mena Nev&#xE1;rez, Gustavo</subfield>
    <subfield code="e">asesor</subfield>
  </datafield>
  <datafield tag="700" ind1="1" ind2=" ">
    <subfield code="a">Covarrubias Guti&#xE9;rrez, Ignacio</subfield>
    <subfield code="e">asesor</subfield>
  </datafield>
  <datafield tag="856" ind1="4" ind2="1">
    <subfield code="u">http://10.13.5.2/tesis/sist112180.pdf</subfield>
    <subfield code="y">DESCARGAR PDF</subfield>
  </datafield>
  <datafield tag="901" ind1=" " ind2=" ">
    <subfield code="a">TESIS G37 2015</subfield>
  </datafield>
  <datafield tag="902" ind1=" " ind2=" ">
    <subfield code="a">M</subfield>
  </datafield>
  <datafield tag="905" ind1=" " ind2=" ">
    <subfield code="a">5232272015                          mx ndml8223123322spa16</subfield>
  </datafield>
  <datafield tag="942" ind1=" " ind2=" ">
    <subfield code="c">TESIS</subfield>
    <subfield code="2">Clasificaci&#xF3;n Universidad Aut&#xF3;noma Chapingo</subfield>
  </datafield>
  <datafield tag="999" ind1=" " ind2=" ">
    <subfield code="c">209518</subfield>
    <subfield code="d">209518</subfield>
  </datafield>
  <datafield tag="952" ind1=" " ind2=" ">
    <subfield code="0">0</subfield>
    <subfield code="1">0</subfield>
    <subfield code="2">local</subfield>
    <subfield code="4">0</subfield>
    <subfield code="5">5</subfield>
    <subfield code="7">0</subfield>
    <subfield code="8">TESIS</subfield>
    <subfield code="a">IA_</subfield>
    <subfield code="b">IA_</subfield>
    <subfield code="d">2022-06-01</subfield>
    <subfield code="e">El autor</subfield>
    <subfield code="l">1</subfield>
    <subfield code="o">Tesis G37 2015</subfield>
    <subfield code="p">1101010042</subfield>
    <subfield code="r">2024-08-28 17:22:31</subfield>
    <subfield code="s">2024-08-28</subfield>
    <subfield code="t">Ej. 3</subfield>
    <subfield code="w">2022-06-01</subfield>
    <subfield code="y">CD</subfield>
  </datafield>
  <datafield tag="952" ind1=" " ind2=" ">
    <subfield code="0">0</subfield>
    <subfield code="1">0</subfield>
    <subfield code="2">local</subfield>
    <subfield code="4">0</subfield>
    <subfield code="5">1</subfield>
    <subfield code="7">0</subfield>
    <subfield code="8">TESIS</subfield>
    <subfield code="a">IA_</subfield>
    <subfield code="b">IA_</subfield>
    <subfield code="d">2022-06-01</subfield>
    <subfield code="e">El autor</subfield>
    <subfield code="l">0</subfield>
    <subfield code="o">Tesis G37 2015</subfield>
    <subfield code="p">1101010040</subfield>
    <subfield code="r">2026-02-02 00:00:00</subfield>
    <subfield code="t">Ej. 1</subfield>
    <subfield code="w">2022-06-01</subfield>
    <subfield code="y">TESIS</subfield>
  </datafield>
  <datafield tag="952" ind1=" " ind2=" ">
    <subfield code="0">0</subfield>
    <subfield code="1">0</subfield>
    <subfield code="2">local</subfield>
    <subfield code="4">0</subfield>
    <subfield code="5">1</subfield>
    <subfield code="7">0</subfield>
    <subfield code="8">TESIS</subfield>
    <subfield code="a">IA_</subfield>
    <subfield code="b">IA_</subfield>
    <subfield code="d">2022-06-01</subfield>
    <subfield code="e">El autor</subfield>
    <subfield code="l">0</subfield>
    <subfield code="o">Tesis G37 2015</subfield>
    <subfield code="p">1101010041</subfield>
    <subfield code="r">2022-06-01 00:00:00</subfield>
    <subfield code="t">Ej. 2</subfield>
    <subfield code="w">2022-06-01</subfield>
    <subfield code="y">CD</subfield>
  </datafield>
  <datafield tag="952" ind1=" " ind2=" ">
    <subfield code="0">0</subfield>
    <subfield code="1">0</subfield>
    <subfield code="2">local</subfield>
    <subfield code="4">0</subfield>
    <subfield code="7">0</subfield>
    <subfield code="8">TesDigL</subfield>
    <subfield code="a">IA_</subfield>
    <subfield code="b">IA_</subfield>
    <subfield code="c">E_L</subfield>
    <subfield code="d">2024-08-16</subfield>
    <subfield code="e">El autor</subfield>
    <subfield code="l">0</subfield>
    <subfield code="p">1201010040</subfield>
    <subfield code="r">2024-08-16 19:34:35</subfield>
    <subfield code="w">2024-08-16</subfield>
    <subfield code="y">TD</subfield>
  </datafield>
</record>
